<?xml version="1.0" encoding="UTF-8"?>
<record
    xmlns:xsi="http://www.w3.org/2001/XMLSchema-instance"
    xsi:schemaLocation="http://www.loc.gov/MARC21/slim http://www.loc.gov/standards/marcxml/schema/MARC21slim.xsd"
    xmlns="http://www.loc.gov/MARC21/slim">

  <leader>00875    a2200181   4500</leader>
  <controlfield tag="001">121408</controlfield>
  <datafield tag="020" ind1=" " ind2=" ">
    <subfield code="a">978-8583623083</subfield>
  </datafield>
  <datafield tag="040" ind1=" " ind2=" ">
    <subfield code="c">Escola Canadense de Niteroi</subfield>
  </datafield>
  <datafield tag="090" ind1=" " ind2=" ">
    <subfield code="a">KUR</subfield>
  </datafield>
  <datafield tag="100" ind1=" " ind2=" ">
    <subfield code="a">KURUMADA, Masami</subfield>
  </datafield>
  <datafield tag="245" ind1="1" ind2="0">
    <subfield code="a">Cavaleiros do Zod&#xED;aco - Volume 2</subfield>
  </datafield>
  <datafield tag="260" ind1=" " ind2=" ">
    <subfield code="a">S&#xE3;o Paulo</subfield>
  </datafield>
  <datafield tag="300" ind1=" " ind2=" ">
    <subfield code="c">5 x 2 x 21 cm</subfield>
  </datafield>
  <datafield tag="362" ind1="0" ind2=" ">
    <subfield code="a">2004</subfield>
  </datafield>
  <datafield tag="490" ind1="0" ind2=" ">
    <subfield code="a">Epis&#xF3;dio G</subfield>
  </datafield>
  <datafield tag="520" ind1=" " ind2=" ">
    <subfield code="a">O &#x201C;Deus&#x201D; invade o Santu&#xE1;rio!! As trevas cobrem a Terra, os antigos Deuses Tit&#xE3;s ressuscitam!! Com o objetivo de dominar o mundo, invadem o Santu&#xE1;rio com a sua for&#xE7;a esmagadora!! Existe aquele que lutar&#xE1; contra essa amea&#xE7;a!! Aiolia e os outros gloriosos Cavaleiros de Ouro ir&#xE3;o queimar os seus Cosmos para interceptar esse perigo sem precedentes! O confronto dos maiores e mais poderosos inimigos! Os &#x201C;Deuses&#x201D; contra os jovens dourados est&#xE1; prestes a come&#xE7;ar&#x2026;!!</subfield>
  </datafield>
  <datafield tag="942" ind1=" " ind2=" ">
    <subfield code="c">BK</subfield>
  </datafield>
  <datafield tag="952" ind1=" " ind2=" ">
    <subfield code="0">0</subfield>
    <subfield code="1">0</subfield>
    <subfield code="4">0</subfield>
    <subfield code="7">0</subfield>
    <subfield code="a">80.1</subfield>
    <subfield code="b">80.1</subfield>
    <subfield code="d">2024-02-09</subfield>
    <subfield code="l">0</subfield>
    <subfield code="o">KUR</subfield>
    <subfield code="p">A27006</subfield>
    <subfield code="r">2024-02-09 21:17:17</subfield>
    <subfield code="w">2024-02-09</subfield>
    <subfield code="y">BK</subfield>
  </datafield>
  <datafield tag="952" ind1=" " ind2=" ">
    <subfield code="0">0</subfield>
    <subfield code="1">0</subfield>
    <subfield code="2">ddc</subfield>
    <subfield code="4">0</subfield>
    <subfield code="7">0</subfield>
    <subfield code="a">57.2</subfield>
    <subfield code="b">57.2</subfield>
    <subfield code="d">2024-05-02</subfield>
    <subfield code="l">0</subfield>
    <subfield code="p">nt137</subfield>
    <subfield code="r">2024-05-02 21:18:38</subfield>
    <subfield code="w">2024-05-02</subfield>
    <subfield code="y">BK</subfield>
    <subfield code="z">Estante Branca</subfield>
    <subfield code="u"></subfield>
  </datafield>
  <datafield tag="999" ind1=" " ind2=" ">
    <subfield code="c">121408</subfield>
    <subfield code="d">121408</subfield>
  </datafield>
</record>
